| 000 | 00741nam a2200229 a 4500 | ||
|---|---|---|---|
| 999 |
_c1110 _d1110 |
||
| 001 | 1110 | ||
| 003 | BD-JhCC | ||
| 005 | 20200405134007.0 | ||
| 008 | 171015s2007 bg |||| ||a| 000 0 ben d | ||
| 020 | _a9848260005 | ||
| 035 | _a(BD-JhCC)1110 | ||
| 040 |
_aBD-JhCC _dBD-JhCC |
||
| 041 | _aben | ||
| 082 |
_a891.443 _bCHA 2007 |
||
| 100 | _aচট্টোপাধ্যায়, শ্রী শরৎ চন্দ্র | ||
| 245 |
_aদেবদাস / _cশ্রী শরৎ চন্দ্র চট্টোপাধ্যায় |
||
| 260 |
_aঢাকা : _bদি স্কাই পাবলিশার্স, _c2007. |
||
| 300 |
_a63 p. : _c21 cm. |
||
| 650 | _aBengali Novel | ||
| 942 |
_2ddc _cBK _04 |
||